000 00526nam a22001577a 4500
005 20251108170902.0
008 250721s1998 xx 000 0 ara d
082 1 4 _a660.62/فاي
100 1 _aالعاني، فايز
245 1 0 _aالأحياء الدقيقة في الأغذية و التقنيات الحديثة في الكشف عنها /
264 1 _aعمان :
_bدار المناهج،
_c1998.
300 _a433ص
650 1 7 _aالميكروبولوجيا الصناعية
942 _2ddc
_cBK
999 _c51314
_d51314